Digital Signal Processing (Record no. 328937)
[ view plain ]
| 000 -LEADER | |
|---|---|
| fixed length control field | 00422nam a2200169Ia 4500 |
| 008 - FIXED-LENGTH DATA ELEMENTS--GENERAL INFORMATION | |
| fixed length control field | 230718s9999 xx 000 0 und d |
| 041 ## - LANGUAGE CODE | |
| Language code of text/sound track or separate title | eng |
| 082 ## - DEWEY DECIMAL CLASSIFICATION NUMBER | |
| Classification number | 621.382'2 |
| Item number | BAB |
| 100 ## - MAIN ENTRY--PERSONAL NAME | |
| Personal name | Babu P.R. |
| 245 ## - TITLE STATEMENT | |
| Title | Digital Signal Processing |
| 250 ## - EDITION STATEMENT | |
| Edition statement | 4th ed. |
| 260 ## - PUBLICATION, DISTRIBUTION, ETC. (IMPRINT) | |
| Date of publication, distribution, etc. | 2010 |
| Name of publisher, distributor, etc. | Scitech Publication |
| 300 ## - PHYSICAL DESCRIPTION | |
| Extent | 1038 |
| 365 ## - TRADE PRICE | |
| Currency code | Rs. |
| Price amount | 470.00 |
| 700 ## - ADDED ENTRY--PERSONAL NAME | |
| Personal name | Babu P.R. |
| 906 ## - LOCAL DATA ELEMENT F, LDF (RLIN) | |
| d | B:111120047319-Oct-2011 |
| c | ETC |
| b | 1175 |
| Withdrawn status | Lost status | Damaged status | Not for loan | Home library | Current library | Date acquired | Vendor | Budget Code | Cost, normal purchase price | Bill number | Total Checkouts | Full call number | Barcode | Date last seen | Date last checked out | Discount | Cost, replacement price | Bill Date | Koha item type | Original Barcode |
|---|---|---|---|---|---|---|---|---|---|---|---|---|---|---|---|---|---|---|---|---|
| Cummins College of Engineering for Women Pune | Cummins College of Engineering for Women Pune | 20/10/2011 | Varma Book Distributors | ETC | 352.50 | 1111200473 | 7 | 621.382'2 | CCEP-BK-40144 | 22/12/2023 | 02/12/2023 | 1175 | 470.00 | 19/10/2011 | Books | 040144 |